Nommez le plus gros pays touchant ce pays #2 - Statistiques

Statistiques générales
  • Ce quiz a été pris 209 fois
    50 depuis la dernière actualisation
  • Le résultat moyen est 6 sur 10
Statistiques - réponses
Plus gros pays touchant ... ce pays % Correct
Mexique États-Unis
89%
Allemagne Suisse
84%
Arabie Saoudite Yémen
82%
Brésil Bolivie
77%
Colombie Équateur
66%
Chine Kazakhstan
64%
République démocratique du Congo République du Congo
59%
Nigéria Cameroun
48%
Égypte Israël
25%
Ukraine Hongrie
25%
Aucun quiz correspondant
Distribution des résultats
% des personnes avec chaque résultat
Percentile par nombre de réponses
Votre historique - résultats
Vous n’avez pas pris ce quiz depuis la dernière actualisation